| 000 | 00741nam a2200217Ii 4500 | ||
|---|---|---|---|
| 003 | JO-AjNU | ||
| 008 | 230605s9999||||xx |||||||||||||| ||und|| | ||
| 017 | _a2004/6/1488 | ||
| 040 |
_aJO-AjNU _bara _erda _cJO-AjNU |
||
| 041 | _aara | ||
| 050 | 1 | 4 | _aBF51.I8764.2009 |
| 100 | 3 |
_aالعيسوي،عبد الرحمن , _eauthor _931092 |
|
| 245 | 0 | 0 | _aعلم النفس الأسري :المشكلات والبرامج الإرشادية |
| 250 | _aط1 | ||
| 264 | 3 | 1 | _aعمان:دار اسامة للنشر والتوزيع ، 2009 |
| 300 | _a200ص | ||
| 336 |
_atext _btxt _2rdacontent |
||
| 337 |
_aunmediated _bn _2rdamedia |
||
| 338 |
_avolume _bnc _2rdacarrier |
||
| 650 | 4 |
_aالاسرة-علم النفس الاجتماعي _931093 |
|
| 999 |
_aA12399 _c15967 _d15967 |
||